| 000 | 00558nam a2200229Ia 4500 | ||
|---|---|---|---|
| 003 | OSt | ||
| 005 | 20220924151047.0 | ||
| 006 | a|||||r|||| 00| 0 | ||
| 007 | ta | ||
| 008 | 220923b |||||||| |||| 00| 0 ara d | ||
| 024 | _a335919 | ||
| 037 | _cTextual | ||
| 040 |
_aARTS _cARTS _bara |
||
| 041 |
_2ara _aara |
||
| 082 | _aO28xN5, K0 | ||
| 100 |
_aNakhuri Au. _9223483 |
||
| 245 | 0 | _aAl-jadeedul adab | |
| 260 | _c1960 | ||
| 650 | _aARABIC LITERATURE | ||
| 942 |
_hO28xN5, K0 _cTEXL _2CC |
||
| 999 |
_c465407 _d465407 |
||